| 000 | 00665nam a22001937a 4500 | ||
|---|---|---|---|
| 003 | OSt | ||
| 005 | 20240904120944.0 | ||
| 008 | 240904b ||||| |||| 00| 0 eng d | ||
| 040 | _cAIMIT LIBRARY | ||
| 100 |
_aShetty, K Prathiksha P. _e2216082 _9178684 |
||
| 245 |
_aStudy on customer perception towards favorite Cashew factory Products Udupi / _cBy K Prathiksha P Shetty ; Guided by Beena Dias. |
||
| 260 |
_aUdupi ; _c2024. |
||
| 650 |
_aLiterature Review _9178685 |
||
| 650 |
_aLterature review _9178686 |
||
| 650 |
_aResearch methodology _9178687 |
||
| 650 |
_aData analysis and interpretation _9178688 |
||
| 700 |
_aDias, Beena. _9178689 |
||
| 942 |
_2ddc _cPRO |
||
| 999 |
_c231730 _d231730 |
||